| 000 | 01029nam a2200289 i 4500 | ||
|---|---|---|---|
| 005 | 20260310144252.0 | ||
| 008 | 260310s2025 my gr 001 0bmay d | ||
| 020 |
_a9786294901858 _cRM39.00 _qpaperback |
||
| 040 |
_aPPAK _beng _cPPAK _erda |
||
| 082 | 0 | 4 |
_223 _a297.3824 |
| 090 | 0 | 0 |
_a297.3824 _bALI _dG |
| 100 | 0 |
_aAlias Masek, _cProf. Madya, Dr., _eauthor. |
|
| 245 | 1 | 0 |
_aHimpunan DOA selepas Solat : _bUntuk Bacaan Imam / _cAlias Masek, Nofouz Mafarja, Muhammad Isa Salikin |
| 264 | 1 |
_a Batu Pahat, Johor : _bPenerbit UTHM, _c2025 |
|
| 300 |
_axi, 75 pages ; _c23 cm |
||
| 336 |
_atext _2rdacontent |
||
| 337 |
_aunmediated _2rdamedia |
||
| 338 |
_avolume _2rdacarrier |
||
| 500 | _aIncludes index. | ||
| 500 | _aContains verses from the Qur'an. | ||
| 650 | 1 | 0 |
_aIslam _vPrayers and devotions |
| 650 | 2 | 0 |
_aPrayer _xIslam |
| 650 | 2 | 0 |
_aGovernment publications _zMalaysia |
| 700 | 0 |
_aNofouz Mafarja, _eauthor. |
|
| 700 | 0 |
_aMuhammad Isa Salikin, _eauthor. |
|
| 942 |
_2ddc _cB |
||
| 999 |
_c203405 _d203405 |
||